The missile defense equation factors for decision making (Record no. 569930)

000 -LEADER
fixed length control field 00597nam a22001817a 4500
003 - CONTROL NUMBER IDENTIFIER
control field CEME
005 - DATE AND TIME OF LATEST TRANSACTION
control field 20210628202503.0
008 - FIXED-LENGTH DATA ELEMENTS--GENERAL INFORMATION
fixed length control field 210122b xxu||||| |||| 00| 0 eng d
020 ## - INTERNATIONAL STANDARD BOOK NUMBER
International Standard Book Number 1-56347-609-6
040 ## - CATALOGING SOURCE
Transcribing agency .
082 ## - DEWEY DECIMAL CLASSIFICATION NUMBER
Classification number 629.1 MAN
100 ## - MAIN ENTRY--PERSONAL NAME
Personal name Mantle, Peter .J
9 (RLIN) 60116
245 ## - TITLE STATEMENT
Title The missile defense equation factors for decision making
260 ## - PUBLICATION, DISTRIBUTION, ETC.
Place of publication, distribution, etc. NEW YORK
Name of publisher, distributor, etc. AIAA
Date of publication, distribution, etc. 2004
300 ## - PHYSICAL DESCRIPTION
Extent XVII,449 P
650 ## - SUBJECT ADDED ENTRY--TOPICAL TERM
Topical term or geographic name entry element BALLISTIC MISSILE DEFENSE- EVALUATION, CRUISE MISSILE DEFENSE -EVALUATION, AIR DEFENSE- EVALUATION, ARMED FORCES- PROCUREMENT- DECISION MAKING
9 (RLIN) 60117
942 ## - ADDED ENTRY ELEMENTS (KOHA)
Koha item type Book
Source of classification or shelving scheme
Holdings
Withdrawn status Lost status Damaged status Not for loan Permanent Location Current Location Shelving location Date acquired Total Checkouts Full call number Barcode Date last seen Date last checked out Price effective from Koha item type
        College of Electrical & Mechanical Engineering (CEME) College of Electrical & Mechanical Engineering (CEME) General Stacks 07/19/2017 1 629.1 MAN CEME-41502 02/10/2026 12/15/2025 06/28/2021 Book
© 2023 Central Library, National University of Sciences and Technology. All Rights Reserved.